000 00913nam a22002177a 4500
008 240702b mp ||||| |||| 00| 0 mon d
035 _a17438
040 _aZA2481090
_bmon
_cMN-UlNLM
_dMN-UlNLM
_erda
041 _amon
042 _a42471
084 _2NNA
_a84/2Орос/-44
_bЛ-59
100 _aЛиндгрен А.
245 0 _aЛённебергийн эмиль хүүгийн адал явдал
264 _aулаанбаатар
_bД.Сүхбаатарын нэрэмжит Ул
_c1990
300 _a159х.
336 _2rdacontent
_atext
_btxt
337 _2rdamedia
_aunmediated
_bn
338 _2rdacarrier
_avolume
_bnc
650 _aЭмиль шөлний сав толгойдоо хэрхэн угласан тухай, Эмиль охин дүү идагаа тугны өндөрлөгт хэрхэн өрнөсөн тухай өгүүлэх, Эмиль хүү ...
942 _2NNA
_cBK
999 _c1085258
_d1085315